000 00589cam a22002291 4500
001 sa 66006106
003 DLC
005 20260227112253.0
008 900122s1966 ii ab 000 0 hino
010 _asa 66006106
035 _a(OCoLC)20939674
040 _aDLC
_cWaU
_dDLC
042 _apremarc
043 _aa-ii---
050 0 0 _aPK2031
_b.J8
100 1 _aJuyāla, Guṇānanda.
245 1 0 _aHindī-bhāshā kā udbhava aura vikāsa.
260 _c[1966]
300 _a9, 186 p.
_billus., 2 fold. maps.
_c23 cm.
500 _aIn Hindi.
650 0 _aHindi language
_xHistory.
999 _c70300
_d70300